[Event "Wch U20 57th"]
[Site "Manavgat"]
[Date "2018.09.05"]
[Round "1"]
[White "Zhu, Yi"]
[Black "Xu, Xiangyu"]
[Result "0-1"]
[WhiteElo "2335"]
[BlackElo "2586"]
[PlyCount "58"]
[EventDate "2018.09.05"]
[EventType "swiss"]
[EventRounds "11"]
[EventCountry "TUR"]
[SourceTitle "CBM 186 Extra"]
[Source "ChessBase"]
[SourceDate "2018.08.24"]
[SourceVersion "1"]
[SourceVersionDate "2018.08.24"]
[SourceQuality "1"]

1. d4 f5 2. Nf3 Nf6 3. c4 g6 4. g3 Bg7 5. Bg2 0-0 6. Nc3 d6 7. 0-0 Nc6 8. d5 Na5 9. Qd3 e5 10. dxe6 Bxe6 11. b3 Nc6 12. Bb2 Kh8 13. Ng5 Bg8 14. Rad1 Rb8 15. Nh3 Ne5 16. Qc2 h6 17. Nf4 g5 18. Nfd5 f4 19. gxf4 gxf4 20. Nxf4 Nfg4 21. Ng6+ Nxg6 22. Qxg6 Qh4 23. h3 Nxf2 24. Qxg7+ Kxg7 25. Nd5+ Kh7 26. Rd4 Qg3 27. Rg4 Nxh3+ 28. Kh1 Rxf1+ 29. Bxf1 Nf2# 0-1

[Event "China zt 3.5"]
[Site "Daqing"]
[Date "2018.08.19"]
[Round "10"]
[White "Zhang, Fuhan"]
[Black "Zhu, Yi"]
[Result "1-0"]
[WhiteElo "2248"]
[BlackElo "2356"]
[PlyCount "45"]
[EventDate "2018.08.13"]
[EventType "swiss"]
[EventRounds "11"]
[EventCountry "CHN"]
[SourceTitle "CBM 186 Extra"]
[Source "ChessBase"]
[SourceDate "2018.08.24"]
[SourceVersion "1"]
[SourceVersionDate "2018.08.24"]
[SourceQuality "1"]

1. Nf3 Nf6 2. d4 d5 3. c4 e6 4. cxd5 exd5 5. Bg5 h6 6. Bxf6 Qxf6 7. Nc3 c6 8. e3 Bg4 9. Qb3 Nd7 10. Be2 b5 11. Ne5 Nxe5 12. dxe5 Qe6 13. Nxb5 cxb5 14. Bxb5+ Kd8 15. f3 Qxe5 16. fxg4 Rb8 17. 0-0-0 Rc8+ 18. Kb1 Rc5 19. Rhf1 Bd6 20. Rf5 Qe4+ 21. Bd3 Qxe3 22. Rxf7 Re8 23. Bf5 1-0

[Event "China zt 3.5"]
[Site "Daqing"]
[Date "2018.08.14"]
[Round "3"]
[White "Zhu, Yi"]
[Black "Dai, Changren"]
[Result "1/2-1/2"]
[WhiteElo "2356"]
[BlackElo "2439"]
[PlyCount "60"]
[EventDate "2018.08.13"]
[EventType "swiss"]
[EventRounds "11"]
[EventCountry "CHN"]
[SourceTitle "CBM 186 Extra"]
[Source "ChessBase"]
[SourceDate "2018.08.24"]
[SourceVersion "1"]
[SourceVersionDate "2018.08.24"]
[SourceQuality "1"]

1. d4 d5 2. c4 e6 3. Nf3 Nf6 4. Bg5 dxc4 5. e4 b5 6. e5 h6 7. Bh4 g5 8. Nxg5 hxg5 9. Bxg5 Nbd7 10. Be2 Bh6 11. Bxf6 Nxf6 12. exf6 Qxf6 13. Nc3 Rb8 14. a4 b4 15. Ne4 Qf4 16. Bf3 Bb7 17. Qe2 c3 18. Qb5+ Kf8 19. Qxb4+ Kg7 20. d5 Bxd5 21. Qxc3+ Kg6 22. Nc5 Bxf3 23. gxf3 Qb4 24. Rg1+ Kf5 25. Rd1 Qxc3+ 26. bxc3 Bf4 27. Rg7 f6 28. Rf7 Rb2 29. Nd3 Rc2 30. Nxf4 Kxf4 1/2-1/2

[Event "Shenzhen op 1st"]
[Site "Shenzhen"]
[Date "2018.07.27"]
[Round "4"]
[White "Lin, Jinyu"]
[Black "Zhu, Yi"]
[Result "1/2-1/2"]
[WhiteElo "2037"]
[BlackElo "2382"]
[PlyCount "91"]
[EventDate "2018.07.26"]
[EventType "swiss"]
[EventRounds "9"]
[EventCountry "CHN"]
[SourceTitle "CBM 185 Extra"]
[Source "ChessBase"]
[SourceDate "2018.07.29"]
[SourceVersion "1"]
[SourceVersionDate "2018.07.29"]
[SourceQuality "1"]

1. e4 Nc6 2. Nf3 e5 3. Bb5 a6 4. Bxc6 dxc6 5. 0-0 Bg4 6. h3 Bxf3 7. Qxf3 Qf6 8. Qg3 Bd6 9. d3 Ne7 10. Nd2 Ng6 11. Nc4 Nf4 12. Bxf4 exf4 13. Qf3 0-0-0 14. c3 Be7 15. d4 Qe6 16. b3 g5 17. Qh5 Qg6 18. Qxg6 hxg6 19. f3 c5 20. d5 Bf6 21. Rac1 Rhe8 22. a4 g4 23. hxg4 b5 24. Na5 b4 25. Nc6 bxc3 26. Rfd1 Rd6 27. Kf1 Kd7 28. Ke2 Rxc6 29. dxc6+ Kxc6 30. Kd3 Rb8 31. g5 Bd4 32. Rxc3 Bxc3 33. Kxc3 Rh8 34. Kc4 Rh2 35. Rd2 Rh1 36. Kc3 Rc1+ 37. Kb2 Re1 38. Kc3 Rg1 39. Kc2 Ra1 40. Kb2 Rh1 41. Kc3 a5 42. Kc2 Rh5 43. Rd5 Rh2 44. Rd2 Rh5 45. Rd5 Rh2 46. Rd2 1/2-1/2

[Event "CHN-chB"]
[Site "Jiangmen"]
[Date "2018.07.20"]
[Round "6"]
[White "Chen, Kailin"]
[Black "Zhu, Yi"]
[Result "1/2-1/2"]
[WhiteElo "1909"]
[BlackElo "2382"]
[PlyCount "91"]
[EventDate "2018.07.18"]
[EventType "swiss"]
[EventRounds "11"]
[EventCountry "CHN"]
[SourceTitle "CBM 185 Extra"]
[Source "ChessBase"]
[SourceDate "2018.07.29"]
[SourceVersion "1"]
[SourceVersionDate "2018.07.29"]
[SourceQuality "1"]

1. e4 c5 2. Nf3 d6 3. d4 cxd4 4. Nxd4 Nf6 5. Nc3 a6 6. g3 e5 7. Nde2 Be7 8. Bg2 b5 9. Nd5 Nxd5 10. Qxd5 Ra7 11. Be3 Be6 12. Qd2 Rb7 13. 0-0 0-0 14. Nc3 Nd7 15. Nd5 Bxd5 16. Qxd5 Qc7 17. Rac1 Nb6 18. Qd3 Nc4 19. b3 Nxe3 20. Qxe3 Qa5 21. Qe1 b4 22. Qd2 Rc8 23. a4 h6 24. h4 Rc3 25. Rfd1 Rbc7 26. Bf1 Qc5 27. Bd3 a5 28. Kg2 Qc6 29. Qe2 Bd8 30. Bc4 Re7 31. Bd5 Qc5 32. Rd3 Bb6 33. Rxc3 Qxc3 34. Rd1 Qc8 35. Bc4 Bd4 36. f4 Kf8 37. f5 f6 38. g4 Rc7 39. h5 Ke7 40. Kf3 Rc5 41. Rd2 Kd8 42. Kg2 Kc7 43. Kf3 Kb6 44. Qd3 Qc6 45. Rd1 Qb7 46. Qe2 1/2-1/2

[Event "Bangkok Cha Am op 18th"]
[Site "Bangkog"]
[Date "2018.04.19"]
[Round "7"]
[White "Zhu, Yi"]
[Black "Deepan Chakkravarthy, J."]
[Result "0-1"]
[WhiteElo "2408"]
[BlackElo "2499"]
[PlyCount "102"]
[EventDate "2018.04.13"]
[EventType "swiss"]
[EventRounds "9"]
[EventCountry "THA"]
[SourceTitle "CBM 184 Extra"]
[Source "ChessBase"]
[SourceDate "2018.06.28"]
[SourceVersion "1"]
[SourceVersionDate "2018.06.28"]
[SourceQuality "1"]

1. d4 Nf6 2. c4 c5 3. d5 e6 4. Nc3 exd5 5. cxd5 g6 6. g3 Bg7 7. Bg2 d6 8. Nf3 0-0 9. 0-0 Re8 10. Re1 Nbd7 11. Bf4 Ng4 12. Qc1 Nde5 13. Nxe5 Nxe5 14. h3 f5 15. Qc2 Rb8 16. Rad1 b5 17. Bc1 b4 18. Nb1 c4 19. Nd2 Ba6 20. Nf3 b3 21. axb3 cxb3 22. Qb1 Nxf3+ 23. Bxf3 Qa5 24. Bf4 Rb6 25. Qc1 Qb4 26. Be3 Rbb8 27. Qa1 Bc4 28. Bd2 Qb5 29. Be3 a5 30. Qa3 Qb4 31. Qxb4 Rxb4 32. Bd4 Rc8 33. Bxg7 Kxg7 34. e4 fxe4 35. Rxe4 Rb7 36. Re6 Rf8 37. Be4 Rf6 38. Re8 a4 39. Ra8 Bb5 40. Rc1 Rf8 41. Rxf8 Kxf8 42. f3 a3 43. bxa3 b2 44. Rd1 Be2 45. Rb1 Bc4 46. Re1 Bxd5 47. Bb1 Bxf3 48. Kf2 Rf7 49. Ke3 Re7+ 50. Kd2 Rxe1 51. Kxe1 d5 0-1

[Event "Shanghai Gulf Cup 2nd"]
[Site "Shanghai"]
[Date "2018.03.27"]
[Round "1"]
[White "Zhu, Yi"]
[Black "Peng, Xiongjian"]
[Result "0-1"]
[WhiteElo "2420"]
[BlackElo "2424"]
[PlyCount "94"]
[EventDate "2018.03.27"]
[EventType "tourn"]
[EventRounds "7"]
[EventCountry "CHN"]
[EventCategory "7"]
[SourceTitle "CBM 183 Extra"]
[Source "ChessBase"]
[SourceDate "2018.04.19"]
[SourceVersion "1"]
[SourceVersionDate "2018.04.19"]
[SourceQuality "1"]

1. d4 Nf6 2. Bg5 c5 3. Bxf6 gxf6 4. d5 e5 5. e4 d6 6. Qh5 Qb6 7. Nd2 Qxb2 8. Rb1 Qxc2 9. Ngf3 a6 10. Be2 b5 11. 0-0 Qa4 12. Rfc1 Nd7 13. Bd1 Qa3 14. Nh4 c4 15. Bg4 Nc5 16. Nf1 Bxg4 17. Qxg4 h5 18. Qf5 Be7 19. Rc2 Qd3 20. Ne3 Qxe4 21. Qxe4 Nxe4 22. a4 Bd8 23. Nhf5 Bb6 24. Nxc4 Bc5 25. Re1 bxc4 26. Rxe4 Rb8 27. Rexc4 Kd7 28. h4 a5 29. Kh2 Rb4 30. f3 Rhb8 31. Re4 Rxe4 32. fxe4 Rb4 33. Re2 Rxa4 34. g4 hxg4 35. h5 Ra3 36. Kg2 a4 37. Ng3 Be3 38. Nf5 Bf4 39. h6 Rh3 40. Re1 a3 41. Ra1 Bd2 42. h7 Bb4 43. Rb1 Bc5 44. Rb7+ Kc8 45. Rxf7 a2 46. Ne7+ Kb7 47. Nc6+ Ka6 0-1

[Event "Moscow Aeroflot op-B 17th"]
[Site "Moscow"]
[Date "2018.02.28"]
[Round "9"]
[White "Volovich, Vasily"]
[Black "Zhu, Yi"]
[Result "0-1"]
[WhiteElo "2306"]
[BlackElo "2420"]
[PlyCount "74"]
[EventDate "2018.02.20"]
[EventType "swiss"]
[EventRounds "9"]
[EventCountry "RUS"]
[SourceTitle "CBM 183 Extra"]
[Source "ChessBase"]
[SourceDate "2018.04.19"]
[SourceVersion "1"]
[SourceVersionDate "2018.04.19"]
[SourceQuality "1"]

1. e4 c5 2. c3 Nf6 3. e5 Nd5 4. d4 cxd4 5. Nf3 e6 6. cxd4 b6 7. a3 Be7 8. Bd3 Ba6 9. 0-0 0-0 10. Bxa6 Nxa6 11. Qe2 Nac7 12. Nbd2 Qc8 13. Nc4 Qa6 14. Bg5 Bxg5 15. Nxg5 f5 16. exf6 Nxf6 17. Rac1 Ncd5 18. Ne4 Nf4 19. Nxf6+ Rxf6 20. Qc2 Rc8 21. g3 b5 22. gxf4 bxc4 23. f3 Rxf4 24. Qd2 Qd6 25. Rcd1 Rcf8 26. Qe3 R8f5 27. d5 exd5 28. Qxa7 h6 29. Qe3 d4 30. Qe8+ Kh7 31. Rd2 Re5 32. Qc8 Rg5+ 33. Kh1 Qd5 34. Rdf2 d3 35. Qb8 Rgf5 36. Kg2 d2 37. Rd1 Rxf3 0-1

[Event "Moscow Aeroflot op-B 17th"]
[Site "Moscow"]
[Date "2018.02.26"]
[Round "7"]
[White "Shailesh, Dravid"]
[Black "Zhu, Yi"]
[Result "1/2-1/2"]
[WhiteElo "2246"]
[BlackElo "2420"]
[PlyCount "109"]
[EventDate "2018.02.20"]
[EventType "swiss"]
[EventRounds "9"]
[EventCountry "RUS"]
[SourceTitle "CBM 183 Extra"]
[Source "ChessBase"]
[SourceDate "2018.04.19"]
[SourceVersion "1"]
[SourceVersionDate "2018.04.19"]
[SourceQuality "1"]

1. e4 c5 2. Nf3 d6 3. d4 cxd4 4. Nxd4 Nf6 5. Nc3 a6 6. Bg5 Nbd7 7. Bc4 Qb6 8. Bb3 e6 9. Bxf6 Nxf6 10. Qd2 Be7 11. 0-0-0 0-0 12. f4 Nd7 13. Nxe6 fxe6 14. Bxe6+ Kh8 15. Nd5 Qd8 16. Nxe7 Qxe7 17. Qxd6 Qxd6 18. Rxd6 Nf6 19. Re1 Ne8 20. Rd8 Bxe6 21. Rxa8 Bd7 22. Rd8 Bc6 23. g3 Kg8 24. e5 Kf7 25. b3 Ke7 26. Rd2 Nc7 27. Rf2 Bd7 28. c4 Bg4 29. Rh1 Ne6 30. Kd2 Rd8+ 31. Kc1 Rf8 32. h3 Bf5 33. Kb2 h5 34. b4 h4 35. Rg1 hxg3 36. Rxg3 Rh8 37. Kc3 g6 38. c5 Rd8 39. h4 Rh8 40. Kd2 Rxh4 41. Ke3 Rh1 42. Rgg2 Rc1 43. Rh2 Rc3+ 44. Kd2 Rd3+ 45. Kc1 Kd7 46. Rh4 a5 47. bxa5 Kc6 48. Rd2 Ra3 49. Rh7 Rxa5 50. Rd6+ Kxc5 51. Rxb7 Rxa2 52. Re7 Ra4 53. Rdxe6 Bxe6 54. Rxe6 Rxf4 55. Rxg6 1/2-1/2

[Event "Moscow Aeroflot op-B 17th"]
[Site "Moscow"]
[Date "2018.02.20"]
[Round "1"]
[White "Anand, Nadar"]
[Black "Zhu, Yi"]
[Result "1/2-1/2"]
[WhiteElo "2262"]
[BlackElo "2420"]
[PlyCount "48"]
[EventDate "2018.02.20"]
[EventType "swiss"]
[EventRounds "9"]
[EventCountry "RUS"]
[SourceTitle "CBM 183 Extra"]
[Source "ChessBase"]
[SourceDate "2018.04.19"]
[SourceVersion "1"]
[SourceVersionDate "2018.04.19"]
[SourceQuality "1"]

1. d4 d6 2. Nf3 Nd7 3. e4 e5 4. Nc3 Ngf6 5. Bc4 Be7 6. 0-0 0-0 7. a4 a6 8. Re1 b6 9. Bg5 Bb7 10. dxe5 Nxe5 11. Nxe5 dxe5 12. Bxf6 Bxf6 13. Nd5 Be7 14. Qh5 c6 15. Ne3 b5 16. Bb3 Qc7 17. c3 g6 18. Qh6 Rad8 19. Nf5 gxf5 20. Re3 Rd6 21. Rg3+ Rg6 22. Rxg6+ hxg6 23. Qxg6+ Kh8 24. Qh6+ Kg8 1/2-1/2

[Event "Sanya Hainan op-A"]
[Site "Sanya"]
[Date "2017.12.23"]
[Round "6"]
[White "Jia, Haoxiang"]
[Black "Zhu, Yi"]
[Result "0-1"]
[WhiteElo "2366"]
[BlackElo "2422"]
[PlyCount "100"]
[EventDate "2017.12.17"]
[EventType "swiss"]
[EventRounds "9"]
[EventCountry "CHN"]
[SourceTitle "CBM 182 Extra"]
[Source "ChessBase"]
[SourceDate "2018.02.23"]
[SourceVersion "1"]
[SourceVersionDate "2018.02.23"]
[SourceQuality "1"]

1. d4 d6 2. Nf3 Nd7 3. g3 c6 4. Bg2 h6 5. c4 g5 6. Nc3 Bg7 7. 0-0 Nf8 8. a4 a5 9. d5 c5 10. Qc2 Ng6 11. b3 Bd7 12. Bb2 Qc8 13. e4 g4 14. Ne1 h5 15. Ne2 Bxb2 16. Qxb2 f6 17. f4 gxf3 18. Bxf3 Ne5 19. Nf4 h4 20. gxh4 Kd8 21. h5 Nh6 22. Kh1 Kc7 23. Qd2 Qe8 24. Ned3 Nhg4 25. h3 Rxh5 26. Nxe5 fxe5 27. Nxh5 Qxh5 28. Bg2 Nf6 29. Qe3 Rg8 30. Ra2 b6 31. Rf3 Qh4 32. Re2 Nh5 33. Ref2 Ng3+ 34. Rxg3 Rxg3 35. Rf3 Rg4 36. Rf1 Be8 37. Qf2 Qh5 38. Qf3 Rf4 39. Qg3 Rxf1+ 40. Bxf1 Qd1 41. Qd3 Bh5 42. Kg2 Qxd3 43. Bxd3 Bd1 44. h4 Kd8 45. h5 Ke8 46. Kg3 Kf7 47. Kh4 Kf6 48. h6 Kg6 49. h7 Kxh7 50. Kg5 Kg7 0-1

[Event "Sanya Hainan op-A"]
[Site "Sanya"]
[Date "2017.12.20"]
[Round "4"]
[White "Wen, Yang"]
[Black "Zhu, Yi"]
[Result "1-0"]
[WhiteElo "2605"]
[BlackElo "2422"]
[PlyCount "59"]
[EventDate "2017.12.17"]
[EventType "swiss"]
[EventRounds "9"]
[EventCountry "CHN"]
[SourceTitle "CBM 182 Extra"]
[Source "ChessBase"]
[SourceDate "2018.02.23"]
[SourceVersion "1"]
[SourceVersionDate "2018.02.23"]
[SourceQuality "1"]

1. d4 d6 2. Nf3 Bg4 3. e4 Nf6 4. Nc3 e6 5. Be2 Be7 6. Be3 0-0 7. h3 Bxf3 8. Bxf3 d5 9. 0-0 dxe4 10. Nxe4 Nxe4 11. Bxe4 c6 12. c4 Nd7 13. g3 Nf6 14. Bg2 Qa5 15. Qb3 Qb4 16. Qc2 Rfd8 17. Rfd1 Rd7 18. Rd3 Qa5 19. a3 Qd8 20. Rad1 a6 21. Qb3 Rc8 22. a4 Ne8 23. d5 exd5 24. Bb6 Nc7 25. cxd5 c5 26. h4 c4 27. Qxc4 Na8 28. Bxd8 Rxc4 29. Bxe7 Rxe7 30. d6 1-0

[Event "Wch U20 56th"]
[Site "Tarvisio"]
[Date "2017.11.25"]
[Round "11"]
[White "Zhu, Yi"]
[Black "Lopez Gonzalez, Abel Fabian"]
[Result "1-0"]
[WhiteElo "2432"]
[BlackElo "2384"]
[PlyCount "73"]
[EventDate "2017.11.13"]
[EventType "swiss"]
[EventRounds "11"]
[EventCountry "ITA"]
[SourceTitle "EXT 2019"]
[Source "ChessBase"]
[SourceDate "2018.10.10"]
[SourceVersion "1"]
[SourceVersionDate "2018.10.10"]
[SourceQuality "1"]

1. d4 d5 2. c4 c6 3. Nc3 Nf6 4. Nf3 dxc4 5. a4 Bf5 6. e3 e6 7. Bxc4 Bb4 8. 0-0 Nbd7 9. h3 h6 10. Qe2 Bh7 11. e4 0-0 12. Na2 Be7 13. Nc3 Bb4 14. Bd3 Qa5 15. Nd2 e5 16. Nc4 Qc7 17. dxe5 Nxe5 18. Bf4 Nfd7 19. Rac1 Qb8 20. Bb1 Bd6 21. Nxd6 Qxd6 22. Rcd1 Qe7 23. Ba2 a5 24. Qh5 Kh8 25. Bh2 Qc5 26. Kh1 Rad8 27. Qe2 Qe7 28. f4 Ng6 29. Bb1 Nc5 30. e5 f5 31. exf6 Qxf6 32. f5 Rxd1 33. Rxd1 Nh4 34. Bd6 Nxf5 35. Bxf5 Qxf5 36. g4 Ne4 37. gxf5 1-0

[Event "Wch U20 56th"]
[Site "Tarvisio"]
[Date "2017.11.24"]
[Round "10"]
[White "Dimic, Pavle"]
[Black "Zhu, Yi"]
[Result "1/2-1/2"]
[WhiteElo "2357"]
[BlackElo "2432"]
[PlyCount "107"]
[EventDate "2017.11.13"]
[EventType "swiss"]
[EventRounds "11"]
[EventCountry "ITA"]
[SourceTitle "CBM 181 Extra"]
[Source "ChessBase"]
[SourceDate "2017.12.12"]
[SourceVersion "1"]
[SourceVersionDate "2017.12.12"]
[SourceQuality "1"]

1. d4 Nf6 2. Nf3 g6 3. c4 Bg7 4. g3 0-0 5. Bg2 d6 6. 0-0 Nbd7 7. Nc3 e5 8. e4 exd4 9. Nxd4 Re8 10. h3 Nc5 11. Re1 a5 12. Rb1 Bd7 13. Ndb5 Bc6 14. Qc2 h6 15. f3 Nh5 16. g4 Nf6 17. Be3 h5 18. Rbd1 Qc8 19. g5 Nfd7 20. f4 a4 21. b4 axb3 22. axb3 Na6 23. Nd5 Bxd5 24. cxd5 Qd8 25. b4 Re7 26. Qb3 Bh8 27. Rc1 Nf8 28. Bf2 Qe8 29. Qc4 Kh7 30. Nd4 Nd7 31. Nb5 Nf8 32. Kh2 Bg7 33. Rc2 Qd7 34. h4 c6 35. dxc6 bxc6 36. Qxc6 Nxb4 37. Qxa8 Nxc2 38. Rc1 Qxb5 39. Rxc2 Qd3 40. Qa2 Rxe4 41. Bxe4 Qxe4 42. Rc7 Ne6 43. Rxf7 Nxf4 44. Bg3 Nd3 45. Qg2 Qe6 46. Ra7 Qg4 47. Rxg7+ Kxg7 48. Qb7+ Kh8 49. Qb8+ Kh7 50. Qc7+ Kh8 51. Qd8+ Kh7 52. Qe7+ Kg8 53. Qe8+ Kg7 54. Qe7+ 1/2-1/2

[Event "Wch U20 56th"]
[Site "Tarvisio"]
[Date "2017.11.14"]
[Round "2"]
[White "Doluweera, Minul Sanjula"]
[Black "Zhu, Yi"]
[Result "1/2-1/2"]
[WhiteElo "2154"]
[BlackElo "2432"]
[PlyCount "60"]
[EventDate "2017.11.13"]
[EventType "swiss"]
[EventRounds "11"]
[EventCountry "ITA"]
[SourceTitle "CBM 181 Extra"]
[Source "ChessBase"]
[SourceDate "2017.12.12"]
[SourceVersion "1"]
[SourceVersionDate "2017.12.12"]
[SourceQuality "1"]

1. d4 g6 2. c4 Bg7 3. e4 d6 4. Nc3 Nf6 5. h3 0-0 6. Nf3 e5 7. d5 Nh5 8. Nh2 Qe8 9. Be2 Nf4 10. Bf3 f5 11. g3 Nxh3 12. Bg2 fxe4 13. Be3 Na6 14. Nxe4 Nf4 15. gxf4 exf4 16. Bd4 f3 17. Bxf3 Bf5 18. Bxg7 Bxe4 19. Kf1 Bxf3 20. Nxf3 Kxg7 21. Qd2 Kg8 22. Ng5 Qe5 23. Re1 Qf4 24. Qxf4 Rxf4 25. Rxh7 Rf5 26. Ree7 Rxg5 27. Rhg7+ Kh8 28. Rh7+ Kg8 29. Rhg7+ Kh8 30. Rh7+ Kg8 1/2-1/2

[Event "Wch U16"]
[Site "Montevideo"]
[Date "2017.09.26"]
[Round "11"]
[White "Zhu, Yi"]
[Black "Fakhrutdinov, Timur"]
[Result "1-0"]
[WhiteElo "2399"]
[BlackElo "2441"]
[PlyCount "111"]
[EventDate "2017.09.17"]
[EventType "swiss"]
[EventRounds "11"]
[EventCountry "URU"]
[SourceTitle "EXT 2018"]
[Source "ChessBase"]
[SourceDate "2017.10.13"]
[SourceVersion "1"]
[SourceVersionDate "2017.10.13"]
[SourceQuality "1"]

1. Nf3 d5 2. d4 Nf6 3. c4 e6 4. g3 Bb4+ 5. Bd2 Bd6 6. Bg2 0-0 7. 0-0 c6 8. b3 Ne4 9. Nc3 f5 10. Nxe4 dxe4 11. Ne5 c5 12. Bc3 Qc7 13. e3 Nd7 14. f4 exf3 15. Nxf3 Nf6 16. Ne5 Bxe5 17. dxe5 Ng4 18. Qf3 Rb8 19. e4 Nh6 20. Bd2 b6 21. Bxh6 gxh6 22. Qh5 Qxe5 23. exf5 exf5 24. Rae1 Qf6 25. Bd5+ Kh8 26. Rf4 Bd7 27. Qh4 Rbe8 28. Rxe8 Bxe8 29. Qxf6+ Rxf6 30. Kf2 Kg7 31. Ke3 Bd7 32. Rf2 h5 33. Kf4 Rg6 34. Ke5 h4 35. gxh4 Rh6 36. Rg2+ Kf8 37. h5 f4 38. Rg8+ Ke7 39. Rg7+ Kd8 40. Bf3 Re6+ 41. Kxf4 Rf6+ 42. Ke3 h6 43. Be4 a5 44. Bg6 a4 45. bxa4 Bxa4 46. Rh7 b5 47. cxb5 Bxb5 48. Rxh6 Bc4 49. Rh8+ Ke7 50. a4 Re6+ 51. Kf4 Rf6+ 52. Kg5 Rf2 53. Rc8 Rg2+ 54. Kh6 Ra2 55. Kg7 Be6 56. Re8+ 1-0

[Event "Asian Continental op 16th"]
[Site "Chengdu"]
[Date "2017.05.19"]
[Round "8"]
[White "Kasimdzhanov, Rustam"]
[Black "Zhu, Yi"]
[Result "1-0"]
[WhiteElo "2698"]
[BlackElo "2328"]
[PlyCount "53"]
[EventDate "2017.05.12"]
[EventType "swiss"]
[EventRounds "9"]
[EventCountry "CHN"]
[SourceTitle "CBM 178 Extra"]
[Source "ChessBase"]
[SourceDate "2017.06.22"]
[SourceVersion "1"]
[SourceVersionDate "2017.06.22"]
[SourceQuality "1"]

1. e4 c5 2. Nf3 d6 3. d4 cxd4 4. Nxd4 Nf6 5. Nc3 a6 6. Bg5 Nbd7 7. Qe2 h6 8. Bh4 g6 9. f4 e5 10. fxe5 dxe5 11. 0-0-0 Qc7 12. Nb3 b5 13. Rxd7 Nxd7 14. Nd5 Qd6 15. Na5 Rb8 16. Qf3 Bb7 17. Nxb7 Rxb7 18. Be2 h5 19. Kb1 Bg7 20. Rd1 Qe6 21. Qa3 f6 22. c4 b4 23. Qa5 0-0 24. c5 Kh8 25. Bf2 b3 26. Qxa6 bxa2+ 27. Ka1 1-0